| 000 | 01525cam a22001814a 4500 | ||
|---|---|---|---|
| 005 | 20250605163454.0 | ||
| 008 | 250528s ||||||||||||||||||||||||d | ||
| 035 | _a19960 | ||
| 040 |
_aGR-AtMCL _bgre _dGR-AtMCL _eAACR2 |
||
| 245 | 1 | _aΕθνική Τράπεζα της Ελλάδος Α.Ε. / Ετήσια Οικονομική Επισκόπηση 1998-1999 | |
| 250 | _a1999 | ||
| 260 |
_bΕθνική Τράπεζα Της Ελλάδος, _c1999 |
||
| 300 | _a112 | ||
| 520 | _a1999: Έτος αξιολόγησης για την είσοδο της Ελλάδας στην ΟΝΕ, Μακροοικονομικές Εξελίξεις, Ακαθάριστο Εγχώριο Προϊόν, Πληθωρισμός, Αγορά Εργασίας, Νομισματική Πολιτική και Επιτόκια, Ισοζύγιο Τρεχουσών Συναλλαγών, Συναλλαγματική Ισοτιμία, Δημοσιονομική Πολιτική, Διαρθρωτικές Αλλαγές, Εξελίξεις στο Χρηματοπιστωτικό Τομέα, Το Χρηματιστήριο, Αλλαγές στο Ελεγκτικό-Θεσμικό και Λειτουργικό Πλαίσιο του Χρηματιστηρίου, Αμοιβαία Κεφάλαια, Εξελίξεις στον Ελληνικό Τραπεζικό Τομέα, Τίτλοι Σταθερού Εισοδήματος, Μεγέθη της Ελληνικής Οικονομίας. | ||
| 942 | _cBK | ||
| 999 |
_c5196 _d5196 |
||